TV Show Law Enforcers Quiz Stats

 Plays Quiz Updated Oct 3, 2014

Also try: Cop Show Match
Challenge
Share
Tweet
Embed
Score 0/40 Timer 07:00
0 Plays Today
Law Enforcer TV Show % Correct
Captain Jim BrassCSI: Crime Scene Investigation
83%
Detective Lennie BriscoeLaw & Order
77.8%
Lieutenant Horatio CaineCSI: Miami
71.9%
Detective Andy SipowiczNYPD Blue
68.8%
Detective Elliot StablerLaw & Order: SVU
65.9%
Danny 'Danno' WilliamsHawaii Five-0
62.5%
Sheriff Andy TaylorAndy Griffith Show
61.8%
Chief Clancy WiggumThe Simpsons
58.6%
Special Agent Anthony DiNozzoNCIS
57.6%
Officer Francis 'Ponch' PoncherelloCHiPs
57.2%
Detective Ricardo TubbsMiami Vice
57%
Sergeant Joe FridayDragnet
56.7%
Detective Danny MesserCSI: NY
52.3%
Captain Francis 'Frank' FurilloHill Street Blues
45.6%
Special Agent Seeley BoothBones
45.1%
Detective Robert GorenLaw & Order: CI
43.6%
Agent Aaron 'Hotch' HotchnerCriminal Minds
41.1%
Joe SwansonFamily Guy
34.5%
Det. Stanley 'Wojo' WojciehowiczBarney Miller
31.9%
Kenneth HutchinsonStarsky and Hutch
29.7%
Law Enforcer TV Show % Correct
Deputy Chief Brenda Leigh JohnsonThe Closer
29.1%
Detective Victor 'Vic' MackeyThe Shield
28.9%
Detective Jimmy McNultyThe Wire
28.7%
Captain Leland StottlemeyerMonk
28.1%
Detective Debra MorganDexter
26.2%
Lieutenant Jim DangleReno 911
24.1%
Agent Teresa LisbonThe Mentalist
23.8%
Head Detective Carlton LassiterPsych
23.7%
Detective Danny ReaganBlue Bloods
22.8%
Chief William O. 'Bill' GillespieIn the Heat of the Night
21.2%
Agent Don EppesNumb3rs
21.1%
Detective Meldrick LewisHomicide: Life on the Street
16.7%
James TrivetteWalker, Texas Ranger
13.7%
Marshal Marshall MannIn Plain Sight
12.9%
Officer Maurice BoscorelliThird Watch
9.6%
Chief Wayne UnserSons of Anarchy
8.4%
Officer John CooperSouthland
7%
Inspector Joe DominguezNash Bridges
6.6%
Dwight HendricksMemphis Beat
6%
Chief Jack MannionThe District
4.1%

You're not logged in!

Compare scores with friends on all Sporcle quizzes.
OR
Log In

You Might Also Like...

Show Comments

Extras

Top Quizzes Today


Score Distribution

Your Account Isn't Verified!

In order to create a playlist on Sporcle, you need to verify the email address you used during registration. Go to your Sporcle Settings to finish the process.

Report this User

Report this user for behavior that violates our Community Guidelines.

Details: